Songs by Artist Click Quiz #6 - Statistics

General Stats
  • This quiz has been taken 314 times
  • The average score is 19 of 30
Answer Stats
Hint Answer % Correct
Sweet Child o' Mine Guns N' Roses
91%
Dancing Queen ABBA
90%
Mamma Mia ABBA
89%
Like a Virgin Madonna
87%
Smells Like Teen Spirit Nirvana
87%
Welcome to the Jungle Guns N' Roses
84%
Waterloo ABBA
82%
Shallow Lady Gaga
78%
The Winner Takes It All ABBA
77%
Paradise City Guns N' Roses
77%
Money, Money, Money ABBA
76%
Come as You Are Nirvana
76%
22 Taylor Swift
73%
You Belong with Me Taylor Swift
72%
November Rain Guns N' Roses
71%
Lithium Nirvana
70%
Alejandro Lady Gaga
69%
Bad Blood Taylor Swift
67%
Applause Lady Gaga
65%
Rape Me Nirvana
61%
Back to December Taylor Swift
48%
Out of the Woods Taylor Swift
42%
Don't Cry Guns N' Roses
35%
Marry the Night Lady Gaga
35%
Girl Gone Wild Madonna
34%
About a Girl Nirvana
34%
Me Against the Music Madonna
29%
Eh, Eh (Nothing Else I Can Say) Lady Gaga
24%
Jump Madonna
19%
Miles Away Madonna
16%
No matching quizzes found
Score Distribution
Percent of People with Each Score
Percentile by Number Answered
Your Score History
You have not taken this quiz